[Event "VIE-ch U11 Girls"]
[Site "Ho Chi Minh City"]
[Date "2022.07.12"]
[Round "3"]
[White "Dao, Nhat Minh"]
[Black "Nguyen, Pham Minh Thu"]
[Result "1/2-1/2"]
[WhiteElo "2159"]
[BlackElo "2162"]
[PlyCount "80"]
[EventDate "2022.07.11"]
[EventType "swiss"]
[EventRounds "9"]
[EventCountry "VIE"]
[SourceTitle "EXT 2023"]
[Source "ChessBase"]
[SourceDate "2022.10.05"]
[SourceVersion "1"]
[SourceVersionDate "2022.10.05"]
[SourceQuality "1"]

1. e4 e5 2. Nf3 Nc6 3. Bc4 Bc5 4. c3 Nf6 5. d3 d6 6. 0-0 0-0 7. a4 a5 8. Be3 Ba7 9. Nbd2 Be6 10. Bxe6 fxe6 11. Qb3 Qc8 12. Ng5 Re8 13. Bxa7 Rxa7 14. f4 h6 15. Nh3 Kh8 16. Qd1 Qd7 17. Qf3 Qf7 18. f5 exf5 19. exf5 Qd5 20. Qg3 e4 21. Nxe4 Nxe4 22. dxe4 Rxe4 23. f6 Qf7 24. fxg7+ Qxg7 25. Qxg7+ Kxg7 26. b3 Ra8 27. Rf3 Rae8 28. Raf1 Nd8 29. Nf4 R8e5 30. Rg3+ Kh7 31. Ng6 Rg5 32. Nf4 Rxg3 33. hxg3 c6 34. Nh5 Re3 35. Rf3 Rxf3 36. gxf3 b5 37. Nf6+ Kg6 38. Ne4 d5 39. Nc5 Kf6 40. Kf2 Ke5 1/2-1/2